| Tag |
First Indicator |
Second Indicator |
Subfields |
| LEADER |
00000cam a2200000 a 4500 |
| 001 |
in00000088623 |
| 005 |
20160716063448.0 |
| 008 |
771019s1973 nyua b 00110 engm |
| 010 |
|
|
|a 77367164
|
| 020 |
|
|
|c $7.00
|
| 020 |
|
|
|a 0872620689
|
| 035 |
|
|
|a (OCoLC)03445322
|
| 035 |
|
|
|9 AAK5466AM
|
| 040 |
|
|
|a DLC
|c DLC
|d TXA
|d UtOrBLW
|
| 043 |
|
|
|a n-us---
|
| 049 |
|
|
|a TXAM
|c [1673156]
|
| 050 |
0 |
0 |
|a S600.7.E93
|b A48 1973
|
| 082 |
0 |
|
|a 551.57/2
|2 19
|
| 110 |
2 |
|
|a American Society of Civil Engineers.
|b Technical Committee on Irrigation Water Requirements.
|
| 245 |
1 |
0 |
|a Consumptive use of water and irrigation water requirements :
|b a report /
|c prepared by the Technical Committee on Irrigation Water Requirements of the Irrigation and Drainage Division of the American Society of Civil Engineers ; edited by Marvin E. Jensen.
|
| 264 |
|
1 |
|a New York, N.Y. :
|b The Society,
|c [1973?]
|
| 300 |
|
|
|a xii, 215 pages :
|b illustrations ;
|c 22 cm.
|
| 336 |
|
|
|a text
|b txt
|2 rdacontent
|
| 337 |
|
|
|a unmediated
|b n
|2 rdamedia
|
| 338 |
|
|
|a volume
|b nc
|2 rdacarrier
|
| 500 |
|
|
|a Spine title: Consumptive use of water.
|
| 500 |
|
|
|a Includes index.
|
| 504 |
|
|
|a Bibliography: pages 165-181.
|
| 650 |
|
0 |
|a Evapotranspiration.
|
| 650 |
|
0 |
|a Plants
|x Water requirements.
|
| 650 |
|
0 |
|a Irrigation water
|z United States.
|
| 700 |
1 |
|
|a Jensen, Marvin E.,
|d 1926-
|
| 999 |
|
|
|a MARS
|
| 999 |
f |
f |
|s 252bec12-a62f-36eb-b10c-d325491afa38
|i 3864ddac-c996-398e-b203-432275f0d8e8
|t 0
|
| 952 |
f |
f |
|p ric
|a Texas A&M University
|b Rellis Campus
|c Joint Library Facility
|d Remote Storage
|t 0
|e S600.7.E93 A48 1973
|h Library of Congress classification
|i unmediated -- volume
|m A14806234248
|
| 998 |
f |
f |
|a S600.7.E93 A48 1973
|t 0
|l Remote Storage
|